Toutes les villes des Alpes-Maritimes - Statistiques

Statistiques générales
  • Ce quiz a été pris 212 fois
  • Le résultat moyen est 38 sur 163
Statistiques - réponses
Population Ville % Correct
342 669 Nice
99%
74 545 Cannes
96%
73 438 Antibes
91%
30 525 Menton
89%
48 870 Grasse
81%
52 178 Cagnes-sur-Mer
76%
29 169 Saint-Laurent-du-Var
69%
21 998 Mandelieu-la-Napoule
68%
16 285 Villeneuve-Loubet
59%
41 887 Le Cannet
57%
27 364 Vallauris
57%
5 033 Villefranche-sur-Mer
57%
9 668 Biot
55%
2 256 Èze
53%
19 982 Mougins
53%
18 940 Vence
53%
4 523 Cap-d'Ail
50%
13 358 Beausoleil
47%
12 839 Roquebrune-Cap-Martin
47%
1 362 Théoule-sur-Mer
47%
13 486 Valbonne
47%
12 550 Carros
46%
2 166 Tende
42%
10 115 La Trinité
41%
1 492 Saint-Jean-Cap-Ferrat
41%
653 Isola
40%
9 887 Mouans-Sartoux
39%
3 755 Beaulieu-sur-Mer
38%
1 444 Saint-Martin-Vésubie
38%
3 805 Sospel
38%
4 761 Levens
37%
3 252 Saint-Paul-de-Vence
37%
7 996 Pégomas
35%
7 898 La Colle-sur-Loup
33%
1 494 Saint-Étienne-de-Tinée
33%
8 192 Peymeinade
32%
2 137 Breil-sur-Roya
31%
7 010 La Gaude
31%
553 La Tour
31%
2 981 La Turbie
31%
2 295 Opio
31%
3 095 Saint-Martin-du-Var
31%
1 840 Puget-Théniers
29%
551 Beuil
28%
7 437 Contes
28%
5 117 Drap
28%
600 Guillaumes
28%
7 183 Roquefort-les-Pins
28%
4 246 Saint-Jeannet
28%
3 482 Colomars
27%
373 Gourdon
27%
2 370 Peille
27%
5 013 Tourrette-Levens
27%
4 173 Gattières
25%
570 Gréolières
25%
1 599 Gilette
24%
2 921 Le Bar-sur-Loup
24%
2 554 L'Escarène
23%
1 465 Peillon
23%
2 272 Aspremont
22%
1 380 Cabris
22%
1 161 Spéracèdes
22%
4 041 Tourrettes-sur-Loup
22%
531 Coursegoules
21%
4 072 Le Rouret
21%
1 414 Le Broc
21%
5 695 Saint-André-de-la-Roche
21%
3 200 Auribeau-sur-Siagne
20%
1 294 Lucéram
20%
1 833 Roquebillière
20%
3 903 Saint-Cézaire-sur-Siagne
20%
835 Valdeblore
20%
1 657 Blausasc
19%
458 Saorge
19%
648 Andon
18%
298 Caussols
18%
3 664 Châteauneuf-Grasse
18%
1 493 Gorbio
18%
696 La Brigue
18%
1 241 Lantosque
18%
3 654 Saint-Vallier-de-Thiey
18%
867 Utelle
18%
665 Clans
17%
150 Duranus
17%
106 Marie
17%
1 338 Sainte-Agnès
17%
3 066 Le Tignet
16%
108 Saint-Dalmas-le-Selvage
16%
1 656 Castagniers
15%
611 Escragnolles
15%
1 994 Falicon
15%
566 La Bollène-Vésubie
15%
783 Péone
15%
120 Roubion
15%
306 Saint-Sauveur-sur-Tinée
15%
690 Belvédère
14%
411 Caille
14%
1 126 Castellar
14%
162 Ilonse
14%
5 385 La Roquette-sur-Siagne
14%
947 Bendejun
13%
731 Bonson
13%
822 Coaraze
13%
142 Entraunes
13%
317 Fontan
13%
577 Roquestéron
13%
119 Roure
13%
540 Séranon
13%
1 300 Cantaron
12%
401 Cipières
12%
118 Le Mas
12%
215 Saint-Auban
12%
197 Sigale
12%
664 Touët-sur-Var
12%
776 Villars-sur-Var
12%
94 Aiglun
11%
400 Castillon
11%
110 Courmes
11%
251 Moulinet
11%
109 Bairols
10%
217 Briançonnet
10%
143 Daluis
10%
554 Bouyon
9%
95 Conségudes
9%
950 La Roquette-sur-Var
9%
152 Saint-Martin-d'Entraunes
9%
464 Valderoure
9%
1 240 Berre-les-Alpes
8%
942 Châteauneuf-Villevieille
8%
179 Cuébris
8%
73 Gars
8%
105 Pierlas
8%
1 240 Saint-Blaise
8%
299 Touët-de-l'Escarène
8%
54 Amirat
7%
175 Ascros
7%
254 Bézaudun-les-Alpes
7%
63 Châteauneuf-d'Entraunes
7%
206 La Penne
7%
47 Lieuche
7%
321 Malaussène
7%
335 Pierrefeu
7%
184 Rigaud
7%
91 Rimplas
7%
48 Sallagriffon
7%
347 Toudon
7%
155 Tournefort
7%
161 Venanson
7%
44 Les Mujouls
6%
103 Massoins
6%
73 Collongues
5%
96 Les Ferres
5%
110 Thiéry
5%
68 La Roque-en-Provence
4%
126 Puget-Rostang
4%
231 Revest-les-Roches
4%
71 Sauze
4%
89 Villeneuve-d'Entraunes
4%
49 Saint-Léger
3%
31 Auvare
2%
98 La Croix-sur-Roudoule
2%
87 Saint-Antonin
2%
133 Tourette-du-Château
2%
Aucun quiz correspondant
Distribution des résultats
% des personnes avec chaque résultat
Percentile par nombre de réponses
Votre historique - résultats
Vous n’avez pas pris ce quiz